The real book of ships

Αποθηκεύτηκε σε:
Λεπτομέρειες βιβλιογραφικής εγγραφής
Κύριος συγγραφέας: Block, Irvin
Άλλοι συγγραφείς: Lee, Manning de V. (Manning de Villeneuve), 1894-1980 (Εικονογράφος)
Μορφή: Βιβλίο
Γλώσσα:English
Δημοσίευση: London : Dennis Dobson, c1960.
Θέματα:
Ετικέτες: Προσθήκη ετικέτας
Δεν υπάρχουν, Καταχωρήστε ετικέτα πρώτοι!

MARC

LEADER 00000cam a2200000 a 4500
001 1/121066
008 200309s1960####enk| ||| |||| ||eng||
040 |a GR-MyUa  |b gre  |c GR-MyUa  |e AACR2 
041 0 |a eng 
082 7 |a 623.8   |2 (23) 
100 1 |a Block, Irvin. 
245 1 4 |a The real book of ships /   |c by Irvin Block ; illustrated by Manning Lee. 
260 |a London :   |b Dennis Dobson,   |c c1960. 
300 |a 191 σ. :   |b εικ. ;   |c 20 εκ. 
500 |a Περιλαμβάνει ευρετήριο. 
650 0 |a Ships. 
650 0 |a Shipbuilding. 
700 1 |a Lee, Manning de V.   |q (Manning de Villeneuve),   |d 1894-1980,  |e ill 
852 |a INST  |b SYROS  |e 20200309  |h 623.8 BLO  |p 005500015031  |q 005500015031  |t BK  |y 0 
920 |a Σαρτζετάκης  |b Ιωάννης  |y Σύρος  |z 2020-02 
970 |a Κοντού  |b Παρασκευή  |z 089/03/2020